The new age of the Kings : Modern Monarchies in Malaysia and the world

Bibliographic Details
Main Author: Paridah Abd. Samad , 1952- (Author)
Format: Book
Published: Kuala Lumpur, Malaysia : Partisan Publication & Distribution 2008
Subjects:

MARC

LEADER 00000cam a2200000 7i4500
001 0000092437
005 20230924111005.0
008
020 |a 9789839941784 (  |q (hardback)) 
040 |e rda 
041 |a English 
090 0 0 |a 321.6   |b PAR 
100 0 |a Paridah Abd. Samad ,   |d 1952- ,   |e (author) 
245 1 4 |a The new age of the Kings :   |b Modern Monarchies in Malaysia and the world   |c Paridah Abdul Samad 
264 1 |a Kuala Lumpur, Malaysia :   |b Partisan Publication & Distribution   |c 2008 
300 |a xxiv,321 pages ;   |c 24 cm. 
336 |a text  |2 rdacontent 
337 |a unmediated  |2 rdamedia 
338 |a volume  |2 rdacarrier 
504 |a Includes endnotes 
541 |c Donation books 
650 0 |a Kings and rulers   |x Succession 
650 0 |a Monarchy   |z Malaysia 
650 0 |a Royalists 
999 |a 0001734545   |b Book   |c Adult Collection   |e Cawangan Tmn. Ungku Tun Aminah 
999 |a 0001737334   |b Book   |c Adult Collection   |e Cawangan Bandar Penawar